[Event "17PCR_ZK04"]
[Site "?"]
[Date "2007.??.??"]
[Round "?"]
[White "Slavik, Miroslav"]
[Black "Masek, Frantisek"]
[Result "1-0"]
[WhiteElo "2238"]
[BlackElo "1864"]
[PlyCount "49"]
[EventDate "2007.??.??"]
[EventType "corr"]
[EventRounds "2"]
[SourceDate "2007.06.28"]

1. d4 Nf6 2. c4 e6 3. Nf3 b6 4. e3 d5 5. cxd5 exd5 6. Bd3 c6 7. O-O Bd6 8. Nc3
O-O 9. e4 dxe4 10. Nxe4 Nxe4 11. Bxe4 Bb7 12. Qc2 h6 13. Ne5 Qf6 14. Re1 Rd8
15. Bd2 a5 16. Bc3 Bxe5 17. dxe5 Qe7 18. e6 fxe6 19. Bh7+ Kf8 20. Re4 Qf7 21.
Bg6 Qg8 22. Qb3 Nd7 23. Rxe6 Nc5 24. Bb4 axb4 25. Qf3+ 1-0

[Event "17PCR_ZK04"]
[Site "?"]
[Date "2007.??.??"]
[Round "?"]
[White "Masek, Frantisek"]
[Black "Slavik, Miroslav"]
[Result "0-1"]
[WhiteElo "1864"]
[BlackElo "2238"]
[PlyCount "56"]
[EventDate "2007.??.??"]
[EventType "corr"]
[EventRounds "2"]
[SourceDate "2007.06.28"]

1. Nf3 d5 2. d4 Nf6 3. c4 e6 4. Bg5 dxc4 5. e4 b5 6. Nc3 b4 7. Na4 Bb7 8. e5 h6
9. Bh4 g5 10. Bg3 Ne4 11. Bxc4 g4 12. Bh4 Ng5 13. Nxg5 hxg5 14. Bg3 Bxg2 15.
Rg1 Bf3 16. Bb5+ Nc6 17. Bxc6+ Bxc6 18. Qxg4 Bxa4 19. Rc1 Bb5 20. Qe4 Rc8 21.
Qe3 Qd5 22. b3 c5 23. Rd1 cxd4 24. Qxd4 Qf3 25. Qe3 Qf5 26. Qd2 Bc5 27. Ra1 Rd8
28. Qc1 Qe4+ 0-1

[Event "17PCR_ZK04"]
[Site "?"]
[Date "2007.??.??"]
[Round "?"]
[White "Mudra, Oldrich"]
[Black "Struzka, Vlastimil"]
[Result "0-1"]
[WhiteElo "2116"]
[BlackElo "2080"]
[PlyCount "110"]
[EventDate "2007.??.??"]
[EventType "corr"]
[EventRounds "2"]
[SourceDate "2007.06.28"]

1. Nf3 Nf6 2. g3 d5 3. Bg2 e6 4. d4 Bd6 5. O-O O-O 6. Bg5 c5 7. c4 dxc4 8. dxc5
Bxc5 9. Qc2 Bd7 10. Qxc4 Be7 11. e4 Bc6 12. Nfd2 Qa5 13. Bxf6 Bxf6 14. Nc3 Nd7
15. Rfd1 Rfd8 16. Nb3 Qb6 17. Na4 Qc7 18. Nc3 a5 19. Nd4 Ne5 20. Qe2 Be8 21.
Ndb5 Qc5 22. Bf1 Bc6 23. a3 g5 24. h3 Kg7 25. Na4 Qxb5 26. Qxb5 Bxb5 27. Bxb5
Rac8 28. Be2 Nc6 29. Rxd8 Rxd8 30. Rb1 Rd4 31. Nc3 Rd2 32. Kf1 Be5 33. Na4 Nd4
34. Bh5 Nb5 35. Rd1 Rxd1+ 36. Bxd1 Nd6 37. f3 Bxg3 38. Nb6 f5 39. Bb3 fxe4 40.
fxe4 Be5 41. Nc4 Nxc4 42. Bxc4 Bxb2 43. a4 Kf6 44. Kf2 Ke5 45. Kg3 Bc3 46. Kg4
Bd2 47. h4 gxh4 48. Kxh4 Bc1 49. Kh5 Be3 50. Bb3 Kd6 51. Bc4 e5 52. Kg4 Ba7 53.
Kf5 Kc5 54. Bd3 Kd4 55. Bb5 h5 0-1

[Event "17PCR_ZK04"]
[Site "?"]
[Date "2007.??.??"]
[Round "?"]
[White "Masek, Frantisek"]
[Black "Struzka, Vlastimil"]
[Result "0-1"]
[WhiteElo "1864"]
[BlackElo "2080"]
[PlyCount "72"]
[EventDate "2007.??.??"]
[EventType "corr"]
[EventRounds "2"]
[SourceDate "2007.06.28"]

1. c4 e5 2. Nc3 Nf6 3. Nf3 Nc6 4. g3 Bc5 5. d3 d5 6. cxd5 Nxd5 7. Nxd5 Qxd5 8.
Bg2 O-O 9. O-O Qd6 10. Nd2 Qg6 11. Rb1 Qh5 12. b4 Bb6 13. Bxc6 bxc6 14. a4 Bg4
15. Nf3 Rfd8 16. Rb2 e4 17. Ne1 a5 18. bxa5 Bd4 19. Rc2 Qh3 20. Qd2 Rd5 21. Ng2
Rh5 22. Nh4 g5 23. dxe4 gxh4 24. Qd3 Rd8 25. gxh4 Bxf2+ 26. Rxf2 Rxd3 27. exd3
Qxd3 28. Rcd2 Qxe4 29. Rd8+ Kg7 30. Bb2+ f6 31. Bxf6+ Kf7 32. Bg5+ Bf3 33. Rd7+
Kg6 34. Re7 Qg4+ 35. Kf1 h6 36. Bd2 Be4 0-1

[Event "17PCR_ZK04"]
[Site "?"]
[Date "2007.??.??"]
[Round "?"]
[White "Masek, Frantisek"]
[Black "Vins, Karel"]
[Result "1-0"]
[WhiteElo "1864"]
[BlackElo "2080"]
[PlyCount "63"]
[EventDate "2007.??.??"]
[EventType "corr"]
[EventRounds "2"]
[SourceDate "2007.06.28"]

1. e4 e5 2. f4 exf4 3. Nf3 g5 4. Be2 d5 5. exd5 Qxd5 6. O-O h5 7. Nc3 Qd8 8.
Bc4 g4 9. Qe1+ Qe7 10. Nd5 Qxe1 11. Rxe1+ Kd8 12. Ng5 Be6 13. Rxe6 fxe6 14.
Nf7+ Kc8 15. Nxc7 Kxc7 16. Nxh8 Kd7 17. Ng6 Bd6 18. d4 Nc6 19. Bxf4 Bxf4 20.
Nxf4 e5 21. Nxh5 Nh6 22. d5 Nd4 23. Re1 Kd6 24. c3 Ndf5 25. Nf6 Rc8 26. Bb3 b5
27. Re4 g3 28. Re1 Rf8 29. Ne4+ Kc7 30. hxg3 Nd6 31. Nc5 Rg8 32. Rxe5 1-0

[Event "17PCR_ZK04"]
[Site "?"]
[Date "2007.??.??"]
[Round "?"]
[White "Kudr, Roman"]
[Black "Slavik, Miroslav"]
[Result "1/2-1/2"]
[WhiteElo "2216"]
[BlackElo "2238"]
[PlyCount "103"]
[EventDate "2007.??.??"]
[EventType "corr"]
[EventRounds "2"]
[SourceDate "2007.06.28"]

1. d4 Nf6 2. c4 e6 3. Nf3 d5 4. Nc3 Nbd7 5. Bg5 c6 6. cxd5 exd5 7. e3 Qa5 8.
Bd3 Ne4 9. O-O Nxg5 10. Nxg5 Be7 11. Nf3 O-O 12. Qc2 Nf6 13. a3 Bd6 14. Rfe1 h6
15. b4 Qc7 16. Rac1 a6 17. h3 Rd8 18. Rb1 a5 19. Red1 Be6 20. Qb2 Qe7 21. bxa5
Rdb8 22. a6 Bxa3 23. Qb6 Nd7 24. Qb3 b5 25. Ra1 Rxa6 26. Nb1 Rba8 27. Nxa3 Rxa3
28. Rxa3 Rxa3 29. Qb2 Nb6 30. Ne5 Na4 31. Qd2 Nc3 32. Rc1 b4 33. Nxc6 Qb7 34.
Ne5 Bd7 35. Kh2 Ba4 36. Qe1 Bb5 37. Ra1 Rxa1 38. Qxa1 f6 39. Bxb5 fxe5 40. Ba6
Qc7 41. dxe5 Qxe5+ 42. Kh1 Qf5 43. Qa5 Qxf2 44. Qd8+ Qf8 45. Qd7 Kh8 46. Qb7
Nd1 47. Qxd5 Nxe3 48. Qe5 Nf5 49. Bd3 Nd6 50. Qc5 Qf4 51. Qb6 g5 52. Qa7
1/2-1/2

[Event "17PCR_ZK04"]
[Site "?"]
[Date "2007.??.??"]
[Round "?"]
[White "Vins, Karel"]
[Black "Masek, Frantisek"]
[Result "0-1"]
[WhiteElo "1732"]
[BlackElo "1864"]
[PlyCount "72"]
[EventDate "2007.??.??"]
[EventType "corr"]
[EventRounds "2"]
[SourceDate "2007.06.28"]

1. d4 Nf6 2. c4 c5 3. Nf3 cxd4 4. Qxd4 Nc6 5. Qd1 e6 6. a3 Bc5 7. e3 d5 8. b4
Bb6 9. c5 Bc7 10. Bb2 O-O 11. Nbd2 Qe7 12. Be2 e5 13. h3 Bd7 14. Nf1 Rfe8 15.
Ng3 e4 16. Nd4 Bxg3 17. fxg3 Qe5 18. Kf2 a5 19. Qd2 axb4 20. axb4 Nxd4 21. Bxd4
Qf5+ 22. Kg1 Rxa1+ 23. Bxa1 Be6 24. Kh2 Qg5 25. Bxf6 Qxf6 26. Rf1 Qe5 27. Rc1
Ra8 28. Qe1 Ra2 29. Bf1 Bxh3 30. Kg1 Bd7 31. b5 Qc7 32. c6 bxc6 33. bxc6 Bc8
34. g4 Bxg4 35. Qh4 Bc8 36. Rd1 Ba6 0-1

[Event "17PCR_ZK04"]
[Site "?"]
[Date "2007.??.??"]
[Round "?"]
[White "Masek, Frantisek"]
[Black "Mudra, Oldrich"]
[Result "0-1"]
[WhiteElo "1864"]
[BlackElo "2116"]
[PlyCount "85"]
[EventDate "2007.??.??"]
[EventType "corr"]
[EventRounds "2"]
[SourceDate "2007.06.28"]

1. c4 e6 2. d4 Nf6 3. Nc3 d5 4. Bg5 Be7 5. e3 O-O 6. Nf3 h6 7. Bh4 Nbd7 8. Rc1
Re8 9. cxd5 exd5 10. Bd3 c6 11. O-O Ne4 12. Bxe7 Qxe7 13. b3 Ndf6 14. Ne5 Bf5
15. Na4 Bh7 16. Nc5 Nxc5 17. Bxh7+ Kxh7 18. Rxc5 Kg8 19. Rc2 a5 20. a4 Nd7 21.
Nf3 Qb4 22. Qd3 Re6 23. Re1 Rg6 24. Rcc1 Re8 25. Rc2 Qe7 26. Rec1 Qe6 27. g3
Rf6 28. Nh4 Qe4 29. Qxe4 dxe4 30. g4 g6 31. Ng2 g5 32. Kf1 Rd6 33. Ke2 Rd5 34.
Rb1 c5 35. Rd1 f5 36. dxc5 Rxd1 37. Kxd1 fxg4 38. c6 bxc6 39. Rxc6 Ne5 40. Rxh6
Rd8+ 41. Ke2 Nf3 42. Ra6 Kf7 43. Ra7+ 0-1

[Event "17PCR_ZK04"]
[Site "?"]
[Date "2007.??.??"]
[Round "?"]
[White "Masek, Frantisek"]
[Black "Kudr, Roman"]
[Result "0-1"]
[WhiteElo "2216"]
[BlackElo "1864"]
[PlyCount "58"]
[EventDate "2007.??.??"]
[EventType "corr"]
[EventRounds "2"]
[SourceDate "2007.06.28"]

1. d4 Nf6 2. Nf3 g6 3. c4 Bg7 4. g3 O-O 5. Bg2 d6 6. O-O c5 7. dxc5 dxc5 8. Qb3
Nc6 9. Nc3 Na5 10. Qb5 b6 11. Rd1 Bd7 12. Qa6 Ne8 13. Bf4 Bxc3 14. bxc3 Nc7 15.
Bxc7 Qxc7 16. Ne5 Be6 17. Qb5 Qxe5 18. Bxa8 Rxa8 19. e3 Bg4 20. Re1 Rd8 21. f4
Qh5 22. a4 Rd2 23. Qe8+ Kg7 24. h4 Bf3 25. Qxe7 Qg4 26. Qe5+ f6 27. Qe7+ Kh6
28. Qf8+ Kh5 29. Qg7 Qxg3+ 0-1